| 000 | 01350nam a2200349 a 4500 | ||
|---|---|---|---|
| 999 |
_c191043 _d191043 |
||
| 003 | BLK | ||
| 005 | 20240806123852.0 | ||
| 008 | 180411b bul|||||r ||||||| ||bul|| | ||
| 010 | _aKNG00200195000 | ||
| 040 | _aBLK | ||
| 041 |
_aBUL _cBUL |
||
| 080 |
_aАмериканска литература (на САЩ) _b821.111(73) _x-31 _z821.111(73)-31 |
||
| 100 | 1 |
_aРийгър, Кетрин _eпърви автор _9116163 |
|
| 139 |
_aРийгър, Кетрин _bР 60 |
||
| 245 | 1 | 0 |
_aСянката на гарвана _bРоман _cКетрин Рийгър; прев. от англ. Пламен Иванов Градинаров. |
| 257 | _aUSA | ||
| 260 |
_aСофия _bЕвразия _c1992 _fСофия : ДФ Полиграфия |
||
| 300 |
_a208 с. _c20 см |
||
| 380 | _aX | ||
| 490 |
_aГотически романи _v1 _9208877 |
||
| 500 | _aОриг. загл. The shadow of the raven / Catherine Rieger. | ||
| 653 | _aромани | ||
| 700 | 1 |
_aГрадинаров, Пламен Иванов _eпрев. от англ. _9363465 |
|
| 852 |
_aЦб 171877 _bЦб |
||
| 856 | 4 |
_qpdf _i0.00 _ldisable |
|
| 856 | 4 |
_qpdf _i0.00 _ldisable |
|
| 942 |
_cKNG _n0 _04 _s1 |
||
| 944 |
_aCR _c08.02.2017 _k30531 _lЦветелина Шанова |
||
| 944 |
_aED _c08.02.2017 _kЕлица_Владова |
||
| 999 | _d191043 | ||
| 999 | _d191043 | ||